[Event "Torneo de Benidorm sub 2300 2019"]
[Site "Benidorm ESP"]
[Date "2019.12.03"]
[Round "5.19"]
[White "Pettersen, Johan"]
[Black "Hristodorescu, Daniel"]
[Result "0-1"]
[WhiteElo "1960"]
[BlackElo "2131"]
[PlyCount "84"]
[EventDate "2019.11.29"]
[EventType "swiss"]
[EventRounds "10"]
[EventCountry "ESP"]
[SourceTitle "Ajedrez en Madrid"]
[Source "lmi"]
[SourceDate "2019.11.30"]
[SourceVersion "1"]
[SourceVersionDate "2019.12.08"]
[SourceQuality "1"]

1. Nf3 Nf6 2. c4 g6 3. b3 Bg7 4. Bb2 O-O 5. g3 d6 6. d4 c6 7. Bg2 Qa5+ 8. Nbd2
Ne4 9. O-O Nxd2 10. Nxd2 c5 11. Nf3 Nc6 12. e3 Bg4 13. Qd3 e5 14. Bc3 Qc7 15.
dxe5 dxe5 16. Qc2 Rad8 17. h3 Bf5 18. Qb2 Rd3 19. Nh4 Be6 20. Be4 Rd7 21. Kh2
Rfd8 22. Nf3 h6 23. Bc2 Nd4 24. Bd1 Qc6 25. exd4 cxd4 26. Bd2 e4 27. Nxd4 Bxd4
28. Bc3 e3 29. Bxd4 Rxd4 30. Qc3 exf2 31. Bf3 Qc5 32. Qe3 h5 33. Rxf2 h4 34.
Bxb7 Qc7 35. Bd5 Bxd5 36. cxd5 R4xd5 37. Rg1 Rd3 38. Qg5 hxg3+ 39. Rxg3 R8d5
40. Qg4 Rc5 41. Rfg2 Rc1 42. Rg1 Rxg1 0-1

[Event "Torneo de Benidorm sub 2300 2019"]
[Site "Benidorm ESP"]
[Date "2019.12.04"]
[Round "6.1"]
[White "Levay, Sorin"]
[Black "Zohaib Hassan, Mohamed"]
[Result "1-0"]
[WhiteElo "2170"]
[BlackElo "2282"]
[PlyCount "127"]
[EventDate "2019.11.29"]
[EventType "swiss"]
[EventRounds "10"]
[EventCountry "ESP"]
[SourceTitle "Ajedrez en Madrid"]
[Source "lmi"]
[SourceDate "2019.11.30"]
[SourceVersion "1"]
[SourceVersionDate "2019.12.08"]
[SourceQuality "1"]

1. e4 e5 2. Nf3 Nc6 3. Nc3 Nf6 4. Bb5 Nd4 5. O-O Nxb5 6. Nxb5 c6 7. Nc3 d6 8.
d4 Qc7 9. h3 Be7 10. Bg5 h6 11. Bxf6 Bxf6 12. d5 O-O 13. a4 a5 14. Qd3 Be7 15.
Nd2 Bd7 16. Rad1 Rac8 17. Nc4 c5 18. b3 f5 19. f3 Rf6 20. exf5 Bxf5 21. Ne4 Kh8
22. Qc3 Rg6 23. Kh2 b6 24. Ne3 Qd7 25. Ng3 Rxg3 26. Kxg3 Bg6 27. Kh2 Rf8 28. g3
Bh5 29. Ng4 Bg5 30. Qd3 Qf7 31. Qe2 Kg8 32. Kg2 Bg6 33. Nf2 h5 34. Ne4 Be7 35.
h4 Qf5 36. Rde1 Qf7 37. c4 Bf5 38. Qd2 Qg6 39. Ng5 Bc2 40. Qe3 Bxg5 41. hxg5 h4
42. f4 Bd3 43. Rf3 h3+ 44. Kh2 e4 45. Rf2 Qf5 46. Qd2 Kf7 47. Qd1 Rh8 48. g4
Qh7 49. Re3 Qh4 50. Qg1 Ke7 51. Qg3 Qh7 52. f5 Kd7 53. g6 Qh6 54. Qf4 Qh4 55.
f6 gxf6 56. Qxf6 Qxf6 57. Rxf6 Rg8 58. Kxh3 b5 59. cxb5 c4 60. bxc4 Bxc4 61.
Rf7+ Kd8 62. g7 Ke8 63. Rf8+ Rxf8 64. Rxe4+ 1-0

[Event "Torneo de Benidorm sub 2300 2019"]
[Site "Benidorm ESP"]
[Date "2019.12.04"]
[Round "6.2"]
[White "Torres Sanchez, Jose"]
[Black "Chernikov, Vladimir"]
[Result "1/2-1/2"]
[WhiteElo "2238"]
[BlackElo "2272"]
[PlyCount "73"]
[EventDate "2019.11.29"]
[EventType "swiss"]
[EventRounds "10"]
[EventCountry "ESP"]
[SourceTitle "Ajedrez en Madrid"]
[Source "lmi"]
[SourceDate "2019.11.30"]
[SourceVersion "1"]
[SourceVersionDate "2019.12.08"]
[SourceQuality "1"]

1. e4 c5 2. Nf3 Nc6 3. Nc3 e5 4. Bc4 Be7 5. d3 Nf6 6. Nd5 d6 7. Nxf6+ Bxf6 8.
c3 Rb8 9. a3 b5 10. Bd5 Ne7 11. Ba2 h6 12. Be3 g5 13. b4 Ng6 14. g3 Bh3 15. Nd2
Qc8 16. Qf3 Nf4 17. gxf4 Bg4 18. Qg3 exf4 19. Bxf4 gxf4 20. Qxf4 Bxc3 21. Rc1
Be5 22. Qxf7+ Kd8 23. Nf3 Rb7 24. Nxe5 Rxf7 25. Nxf7+ Ke7 26. Rg1 Bh5 27. Nxd6
Kxd6 28. Rxc5 Qh3 29. e5+ Ke7 30. Rg7+ Kf8 31. Rxa7 Qg4 32. Ra8+ Be8 33. Rc7
Qg1+ 34. Ke2 Qg4+ 35. Ke1 Qg1+ 36. Ke2 Qg4+ 37. Ke3 1/2-1/2

[Event "Torneo de Benidorm sub 2300 2019"]
[Site "Benidorm ESP"]
[Date "2019.12.04"]
[Round "6.3"]
[White "Galiana Fernandez, Adrian"]
[Black "Martin Barcelo, Carles"]
[Result "1-0"]
[WhiteElo "2259"]
[BlackElo "2196"]
[PlyCount "51"]
[EventDate "2019.11.29"]
[EventType "swiss"]
[EventRounds "10"]
[EventCountry "ESP"]
[SourceTitle "Ajedrez en Madrid"]
[Source "lmi"]
[SourceDate "2019.11.30"]
[SourceVersion "1"]
[SourceVersionDate "2019.12.08"]
[SourceQuality "1"]

1. d4 Nf6 2. c4 g6 3. Nc3 Bg7 4. e4 d6 5. Be2 O-O 6. h4 c5 7. d5 e6 8. h5 exd5
9. exd5 a6 10. hxg6 fxg6 11. Nf3 b5 12. cxb5 axb5 13. Bxb5 Qa5 14. O-O Bg4 15.
Be2 Na6 16. Re1 Rae8 17. Ng5 Nc7 18. Bf4 Bxe2 19. Rxe2 Nh5 20. Bxd6 Rxe2 21.
Qxe2 Nf4 22. Bxf4 Rxf4 23. d6 Bxc3 24. dxc7 Qxc7 25. Qe8+ Rf8 26. Qxf8+ 1-0

[Event "Torneo de Benidorm sub 2300 2019"]
[Site "Benidorm ESP"]
[Date "2019.12.04"]
[Round "6.4"]
[White "Gomez Sanjuan, Hector Fernando"]
[Black "Cano Gimenez, Vicente"]
[Result "0-1"]
[WhiteElo "2145"]
[BlackElo "2256"]
[PlyCount "134"]
[EventDate "2019.11.29"]
[EventType "swiss"]
[EventRounds "10"]
[EventCountry "ESP"]
[SourceTitle "Ajedrez en Madrid"]
[Source "lmi"]
[SourceDate "2019.11.30"]
[SourceVersion "1"]
[SourceVersionDate "2019.12.08"]
[SourceQuality "1"]

1. e4 c5 2. Nf3 Nc6 3. d4 cxd4 4. Nxd4 g6 5. c4 Nf6 6. Nc3 d6 7. Nc2 Bg7 8. Be2
Nd7 9. Bd2 Nc5 10. f3 a5 11. Be3 O-O 12. O-O a4 13. Qd2 Qa5 14. Na3 Be6 15.
Rac1 Rfc8 16. Rfd1 Ne5 17. Rc2 Ncd7 18. Rdc1 Kf8 19. Nd5 Qxd2 20. Bxd2 Nc6 21.
Nb5 Nd4 22. Nxd4 Bxd4+ 23. Be3 Bxe3+ 24. Nxe3 Ra5 25. Rc3 Ke8 26. Kf2 Kd8 27.
R1c2 f6 28. b4 axb3 29. axb3 Ra3 30. b4 Rca8 31. Nd5 R8a4 32. Rxa3 Rxa3 33. c5
dxc5 34. bxc5 Ra5 35. c6 Bxd5 36. exd5 bxc6 37. dxc6 Rc5 38. Rxc5 Nxc5 39. Bc4
e5 40. Bg8 h6 41. Bf7 g5 42. Kg3 f5 43. Bg6 Kc7 44. Bxf5 Kxc6 45. Kg4 Kd6 46.
Kh5 Ke7 47. Kxh6 Kf6 48. g4 Nb7 49. h4 gxh4 50. Bc8 Nd6 51. g5+ Ke7 52. Bh3 e4
53. g6 e3 54. g7 Nf7+ 55. Kg6 Ne5+ 56. Kh7 e2 57. g8=Q e1=Q 58. Qe6+ Kf8 59.
Qd6+ Ke8 60. Bf5 h3 61. Qe6+ Kf8 62. Qg8+ Ke7 63. Qe6+ Kf8 64. Qh6+ Ke7 65. f4
Nf7 66. Bxh3 Nxh6 67. Bf5 Nf7 0-1

[Event "Torneo de Benidorm sub 2300 2019"]
[Site "Benidorm ESP"]
[Date "2019.12.04"]
[Round "6.5"]
[White "Gonzalez Guedes, Iyan"]
[Black "Garcia Trobat, Francisco"]
[Result "0-1"]
[WhiteElo "2146"]
[BlackElo "2244"]
[PlyCount "134"]
[EventDate "2019.11.29"]
[EventType "swiss"]
[EventRounds "10"]
[EventCountry "ESP"]
[SourceTitle "Ajedrez en Madrid"]
[Source "lmi"]
[SourceDate "2019.11.30"]
[SourceVersion "1"]
[SourceVersionDate "2019.12.08"]
[SourceQuality "1"]

1. e4 c5 2. c3 Nf6 3. e5 Nd5 4. d4 cxd4 5. Nf3 Nc6 6. Bc4 Nb6 7. Bb3 d5 8. cxd4
Bg4 9. Be3 e6 10. O-O Be7 11. h3 Bh5 12. Nc3 O-O 13. Ne2 Bxf3 14. gxf3 f6 15.
f4 Rc8 16. Kh2 Nc4 17. Rg1 f5 18. Bxc4 dxc4 19. Qa4 Qd7 20. Nc3 Bb4 21. Qd1
Rfd8 22. Ne2 Be7 23. Rc1 b5 24. b3 Nb4 25. bxc4 bxc4 26. Nc3 Nd3 27. Rb1 Rb8
28. Qf3 Rxb1 29. Rxb1 Bb4 30. Ne2 Qd5 31. Qxd5 exd5 32. Nc1 Nxc1 33. Bxc1 Rb8
34. Bd2 Bd6 35. Rxb8+ Bxb8 36. Kg2 Bc7 37. Kf3 Bd8 38. Bb4 Kf7 39. Ke2 Ke6 40.
f3 a5 41. Be1 a4 42. Bb4 Bh4 43. Ke3 Bg3 44. Bd2 Kd7 45. Bb4 Bh2 46. Be1 g6 47.
Bf2 h6 48. h4 Kc6 49. Be1 Kb5 50. Bf2 c3 51. Be1 c2 52. Bd2 Bg3 53. Kd3 Bxh4
54. Kxc2 Be7 55. Kc3 h5 56. Be3 h4 57. Bg1 Bb4+ 58. Kd3 Be1 59. Ke2 Bb4 60. Kd3
Be7 61. Kc3 h3 62. Bh2 Bh4 63. a3 Be7 64. Kb2 Kc4 65. Bg1 Kd3 66. e6 Ke2 67.
Kc2 Kf1 0-1

[Event "Torneo de Benidorm sub 2300 2019"]
[Site "Benidorm ESP"]
[Date "2019.12.04"]
[Round "6.6"]
[White "Pascoal, Eduardo A"]
[Black "Gavarrete, Nahun"]
[Result "0-1"]
[WhiteElo "2143"]
[BlackElo "2300"]
[PlyCount "118"]
[EventDate "2019.11.29"]
[EventType "swiss"]
[EventRounds "10"]
[EventCountry "ESP"]
[SourceTitle "Ajedrez en Madrid"]
[Source "lmi"]
[SourceDate "2019.11.30"]
[SourceVersion "1"]
[SourceVersionDate "2019.12.08"]
[SourceQuality "1"]

1. d4 Nf6 2. Bf4 d6 3. e3 Nbd7 4. Nf3 g6 5. h3 Bg7 6. Be2 O-O 7. O-O e5 8. dxe5
dxe5 9. Nxe5 Nh5 10. Bxh5 Nxe5 11. Be2 Qe7 12. Nd2 Rd8 13. Qc1 Be6 14. Nf3 Nc4
15. c3 c5 16. Ng5 Ne5 17. Nxe6 Qxe6 18. Rd1 b5 19. Bxb5 c4 20. Qc2 a6 21. Ba4
Nd3 22. Bg3 Nc5 23. Rxd8+ Rxd8 24. Rd1 Rd3 25. b3 Nxa4 26. bxa4 Qd5 27. Rb1
Bxc3 28. Rb8+ Kg7 29. Rc8 h5 30. h4 Qe4 31. Kh2 Rxe3 32. Qxe4 Rxe4 33. f3 Re2
34. Rxc4 Bf6 35. a3 Ra2 36. Be1 Rxa3 37. Bb4 Rd3 38. Be1 Rd4 39. Rxd4 Bxd4 40.
g4 Kf6 41. Kg3 Be5+ 42. f4 Bd6 43. Kf3 hxg4+ 44. Kxg4 Ke6 45. Bc3 Be7 46. Be1
f5+ 47. Kf3 Kd5 48. Ke3 Kc4 49. Kf3 Bb4 50. Bf2 Kb3 51. h5 gxh5 52. Kg3 Be7 53.
a5 Ka4 54. Bb6 Kb5 55. Bc7 Kc6 56. Bb6 Kd5 57. Bc7 Ke4 58. Be5 Bd8 59. Bc3 h4+
0-1

[Event "Torneo de Benidorm sub 2300 2019"]
[Site "Benidorm ESP"]
[Date "2019.12.04"]
[Round "6.7"]
[White "Scherer, Helmut"]
[Black "Cardenas Serrano, Sergio"]
[Result "1-0"]
[WhiteElo "2278"]
[BlackElo "2095"]
[PlyCount "65"]
[EventDate "2019.11.29"]
[EventType "swiss"]
[EventRounds "10"]
[EventCountry "ESP"]
[SourceTitle "Ajedrez en Madrid"]
[Source "lmi"]
[SourceDate "2019.11.30"]
[SourceVersion "1"]
[SourceVersionDate "2019.12.08"]
[SourceQuality "1"]

1. e4 e6 2. d4 d5 3. Nc3 Bb4 4. e5 b6 5. Qg4 Bf8 6. h4 Nc6 7. Bg5 Qd7 8. O-O-O
Bb7 9. h5 h6 10. Bh4 Nge7 11. f4 Nf5 12. Bf2 O-O-O 13. Qf3 Kb8 14. Bb5 Bb4 15.
Nce2 Bf8 16. Bxc6 Qxc6 17. g4 Ne7 18. Bh4 Qc4 19. Kb1 c5 20. f5 exf5 21. gxf5
Bc8 22. Ng3 Rg8 23. N1e2 Re8 24. Bxe7 Bxe7 25. c3 Bg5 26. Nf4 Bb7 27. Rhe1 Bxf4
28. Qxf4 Ka8 29. Nf1 Rd8 30. Ne3 Qb5 31. Rd2 c4 32. Rg1 a5 33. Rdg2 1-0

[Event "Torneo de Benidorm sub 2300 2019"]
[Site "Benidorm ESP"]
[Date "2019.12.04"]
[Round "6.8"]
[White "Hristodorescu, Daniel"]
[Black "Peña Duarte, Fabian Dario"]
[Result "1-0"]
[WhiteElo "2131"]
[BlackElo "2237"]
[PlyCount "72"]
[EventDate "2019.11.29"]
[EventType "swiss"]
[EventRounds "10"]
[EventCountry "ESP"]
[SourceTitle "Ajedrez en Madrid"]
[Source "lmi"]
[SourceDate "2019.11.30"]
[SourceVersion "1"]
[SourceVersionDate "2019.12.08"]
[SourceQuality "1"]

1. e4 e6 2. d4 d5 3. Nc3 Bb4 4. Nge2 dxe4 5. a3 Bxc3+ 6. Nxc3 Nc6 7. Bb5 Nge7
8. Be3 O-O 9. Qd2 f5 10. O-O-O a6 11. Bxc6 Nxc6 12. f3 e5 13. d5 Na5 14. Bg5
Qe8 15. d6 Rf7 16. Qd5 Nc6 17. dxc7 Be6 18. Qc5 Rxc7 19. fxe4 Rac8 20. Nd5 Bxd5
21. Qxd5+ Kh8 22. exf5 Nd4 23. Kb1 Rxc2 24. Rhe1 Qa4 25. Rc1 h6 26. Bxh6 gxh6
27. Qxe5+ Kh7 28. Rxc2 Qxc2+ 29. Ka1 Qd3 30. Qe7+ Kg8 31. f6 Qg6 32. Rd1 Nc2+
33. Ka2 Rf8 34. Rd2 Rf7 35. Qe8+ Kh7 36. Rd8 Rg7 1-0

[Event "Torneo de Benidorm sub 2300 2019"]
[Site "Benidorm ESP"]
[Date "2019.12.04"]
[Round "6.9"]
[White "Ayza Leon, David"]
[Black "Boixader Arbo, Xavier"]
[Result "1/2-1/2"]
[WhiteElo "2231"]
[BlackElo "2113"]
[PlyCount "36"]
[EventDate "2019.11.29"]
[EventType "swiss"]
[EventRounds "10"]
[EventCountry "ESP"]
[SourceTitle "Ajedrez en Madrid"]
[Source "lmi"]
[SourceDate "2019.11.30"]
[SourceVersion "1"]
[SourceVersionDate "2019.12.08"]
[SourceQuality "1"]

1. e4 e6 2. d4 d5 3. Bd3 dxe4 4. Bxe4 Nf6 5. Bf3 Nbd7 6. Ne2 e5 7. O-O Bd6 8.
Ng3 O-O 9. Nf5 exd4 10. Nxd6 cxd6 11. Qxd4 Ne5 12. Be2 Bf5 13. Na3 Re8 14. Bg5
h6 15. Bh4 g5 16. Bg3 Nc6 17. Qd1 Ne4 18. Bc4 Be6 1/2-1/2

[Event "Torneo de Benidorm sub 2300 2019"]
[Site "Benidorm ESP"]
[Date "2019.12.04"]
[Round "6.10"]
[White "Moreno Torralba, David"]
[Black "Garcia Molina, Francisco Miguel"]
[Result "0-1"]
[WhiteElo "2100"]
[BlackElo "2219"]
[PlyCount "126"]
[EventDate "2019.11.29"]
[EventType "swiss"]
[EventRounds "10"]
[EventCountry "ESP"]
[SourceTitle "Ajedrez en Madrid"]
[Source "lmi"]
[SourceDate "2019.11.30"]
[SourceVersion "1"]
[SourceVersionDate "2019.12.08"]
[SourceQuality "1"]

1. d4 Nf6 2. c4 c5 3. d5 e6 4. Nc3 exd5 5. cxd5 d6 6. e4 g6 7. Bd3 Bg7 8. Nge2
a6 9. a4 O-O 10. O-O Re8 11. a5 Nbd7 12. Bc2 Ne5 13. b3 b5 14. axb6 Qxb6 15.
Rb1 Bd7 16. h3 Bb5 17. Be3 Qc7 18. Rc1 Ned7 19. f3 Nh5 20. Nxb5 axb5 21. Bd3
Qb7 22. Nc3 Bxc3 23. Rxc3 f5 24. Bf2 f4 25. Rc1 Ne5 26. Qe2 Reb8 27. Ra1 b4 28.
Rfd1 Ra3 29. Bc4 Qg7 30. Rac1 Ra5 31. Rd2 Qa7 32. Kh2 g5 33. Rcc2 Nf6 34. Ra2
Ra8 35. Rxa5 Qxa5 36. Bb5 Qb6 37. Bc4 Ra3 38. Rc2 Nfd7 39. Bb5 Ra5 40. Ba4 Nf6
41. Ra2 Qa6 42. Qxa6 Rxa6 43. Rc2 Ra5 44. Bc6 h5 45. Kg1 h4 46. Kf1 Kf8 47. Ke2
Ke7 48. Bb7 Ra3 49. Rb2 Kd7 50. Bc6+ Nxc6 51. dxc6+ Kxc6 52. Kd3 Nd7 53. Kc2
Ne5 54. Be1 d5 55. exd5+ Kxd5 56. Bf2 c4 57. bxc4+ Kxc4 58. Bb6 Nd3 59. Rb1
Ra2+ 60. Kd1 Rxg2 61. Bd8 Rg1+ 62. Kc2 b3+ 63. Rxb3 Rg2+ 0-1

[Event "Torneo de Benidorm sub 2300 2019"]
[Site "Benidorm ESP"]
[Date "2019.12.04"]
[Round "6.11"]
[White "Lezhepekova, Veronika"]
[Black "Barbera Estelles, Rosendo"]
[Result "0-1"]
[WhiteElo "2001"]
[BlackElo "2212"]
[PlyCount "70"]
[EventDate "2019.11.29"]
[EventType "swiss"]
[EventRounds "10"]
[EventCountry "ESP"]
[SourceTitle "Ajedrez en Madrid"]
[Source "lmi"]
[SourceDate "2019.11.30"]
[SourceVersion "1"]
[SourceVersionDate "2019.12.08"]
[SourceQuality "1"]

1. e4 e5 2. Bc4 Nf6 3. d3 Bc5 4. Nf3 Nc6 5. O-O d6 6. c3 a6 7. b4 Ba7 8. Be3
O-O 9. Bxa7 Rxa7 10. Re1 Ra8 11. Nbd2 Ne7 12. d4 Ng6 13. dxe5 dxe5 14. Qc2 Nh5
15. Nf1 Nhf4 16. Ne3 Qf6 17. Nf5 Ne7 18. Ne3 Nxg2 19. Nxg2 Qxf3 20. Re3 Qf6 21.
Rg3 Be6 22. Bb3 Rad8 23. Qe2 Ng6 24. Bxe6 Qxe6 25. h4 Rd6 26. h5 Nf4 27. Nxf4
exf4 28. Rg5 Qh3 29. f3 Rfd8 30. Rd5 Rxd5 31. exd5 Qxh5 32. Qe7 Qxd5 33. Qxc7
Qg5+ 34. Kf1 h6 35. Re1 Qh4 0-1

[Event "Torneo de Benidorm sub 2300 2019"]
[Site "Benidorm ESP"]
[Date "2019.12.04"]
[Round "6.12"]
[White "Gonzalez Martinez, Miguel Angel"]
[Black "Galvan, Jesus"]
[Result "1-0"]
[WhiteElo "2094"]
[BlackElo "2198"]
[PlyCount "102"]
[EventDate "2019.11.29"]
[EventType "swiss"]
[EventRounds "10"]
[EventCountry "ESP"]
[SourceTitle "Ajedrez en Madrid"]
[Source "lmi"]
[SourceDate "2019.11.30"]
[SourceVersion "1"]
[SourceVersionDate "2019.12.08"]
[SourceQuality "1"]

1. d4 d6 2. Nf3 f5 3. Bf4 Nf6 4. e3 e6 5. h3 g6 6. Bc4 Bg7 7. O-O Nc6 8. Nc3
O-O 9. Bh2 Kh8 10. a3 Qe7 11. Qe2 e5 12. dxe5 dxe5 13. Rad1 Be6 14. Bxe6 Qxe6
15. Qb5 Ne8 16. Ng5 Qf6 17. Nd5 Nd6 18. Qxc6 bxc6 19. Nxf6 Bxf6 20. Ne6 Rf7 21.
Nxc7 Rxc7 22. Rxd6 Kg7 23. Rfd1 Re8 24. f3 Kf7 25. Kf2 Re6 26. Rd7+ Re7 27.
Rxc7 Rxc7 28. e4 Ke6 29. Ke2 Be7 30. Bg1 Rb7 31. b3 Bd6 32. a4 Be7 33. Rd3 h5
34. Kd2 Bg5+ 35. Kc3 a6 36. Kc4 Be7 37. Bc5 Rb8 38. Bxe7 Kxe7 39. Kc5 Rf8 40.
exf5 gxf5 41. Kb6 Ke6 42. Kxa6 e4 43. fxe4 fxe4 44. Re3 Ke5 45. Kb7 Rf2 46. a5
Kd4 47. Re1 Rxc2 48. Ra1 e3 49. a6 e2 50. a7 Ra2 51. Re1 Ke3 1-0

[Event "Torneo de Benidorm sub 2300 2019"]
[Site "Benidorm ESP"]
[Date "2019.12.04"]
[Round "6.13"]
[White "Jackson, Oliver A"]
[Black "Sawant, Akshay"]
[Result "1-0"]
[WhiteElo "2150"]
[BlackElo "1793"]
[PlyCount "33"]
[EventDate "2019.11.29"]
[EventType "swiss"]
[EventRounds "10"]
[EventCountry "ESP"]
[SourceTitle "Ajedrez en Madrid"]
[Source "lmi"]
[SourceDate "2019.11.30"]
[SourceVersion "1"]
[SourceVersionDate "2019.12.08"]
[SourceQuality "1"]

1. e4 c5 2. Nc3 a6 3. f4 b5 4. Nf3 Bb7 5. d3 e6 6. Qe2 Ne7 7. g3 d5 8. Bg2 g6
9. f5 gxf5 10. Bg5 fxe4 11. Ne5 h5 12. O-O Rh7 13. Rxf7 Nd7 14. Rxh7 Nxe5 15.
Bxe7 Bxe7 16. Qxh5+ Kd7 17. Qxe5 1-0

[Event "Torneo de Benidorm sub 2300 2019"]
[Site "Benidorm ESP"]
[Date "2019.12.04"]
[Round "6.14"]
[White "Lornye, Pylyp"]
[Black "Perez Aleman, Pedro Tomas"]
[Result "1-0"]
[WhiteElo "2284"]
[BlackElo "1998"]
[PlyCount "63"]
[EventDate "2019.11.29"]
[EventType "swiss"]
[EventRounds "10"]
[EventCountry "ESP"]
[SourceTitle "Ajedrez en Madrid"]
[Source "lmi"]
[SourceDate "2019.11.30"]
[SourceVersion "1"]
[SourceVersionDate "2019.12.08"]
[SourceQuality "1"]

1. Nf3 Nf6 2. g3 g6 3. Bg2 Bg7 4. O-O d5 5. d3 c5 6. Nbd2 Nc6 7. e4 O-O 8. exd5
Nxd5 9. Re1 h6 10. Nc4 Bg4 11. h3 Bxf3 12. Qxf3 e6 13. c3 Rc8 14. a4 b6 15. Qe2
a6 16. f4 b5 17. axb5 axb5 18. Ne5 Nxe5 19. fxe5 b4 20. Bd2 Qd7 21. Rad1 Ne7
22. Qf2 Nc6 23. Be3 bxc3 24. Bxc5 Nxe5 25. bxc3 Nxd3 26. Bxf8 Bxf8 27. Kh2 Rxc3
28. Qd2 Qc7 29. Re3 Bd6 30. Rxd3 Bxg3+ 31. Kh1 Rc2 32. Qxh6 1-0

[Event "Torneo de Benidorm sub 2300 2019"]
[Site "Benidorm ESP"]
[Date "2019.12.04"]
[Round "6.15"]
[White "Julio, Joao Manuel dos San"]
[Black "Amdouni, Zoubaier"]
[Result "0-1"]
[WhiteElo "2084"]
[BlackElo "2289"]
[PlyCount "90"]
[EventDate "2019.11.29"]
[EventType "swiss"]
[EventRounds "10"]
[EventCountry "ESP"]
[SourceTitle "Ajedrez en Madrid"]
[Source "lmi"]
[SourceDate "2019.11.30"]
[SourceVersion "1"]
[SourceVersionDate "2019.12.08"]
[SourceQuality "1"]

1. e4 e5 2. Nf3 Nc6 3. d4 exd4 4. Bc4 Nf6 5. O-O d6 6. Nxd4 Be7 7. Nc3 O-O 8.
f3 Re8 9. Be3 Bf8 10. Qd2 Ne5 11. Bb3 a6 12. Nde2 Be6 13. Bg5 h6 14. Bh4 Nxe4
15. Qe1 Nf6 16. Ne4 Be7 17. Bxe6 fxe6 18. Nd4 Nxe4 19. Bxe7 Qxe7 20. Qxe4 c5
21. f4 Ng4 22. f5 exf5 23. Qxe7 Rxe7 24. Nxf5 Re2 25. Rfe1 Rae8 26. Rxe2 Rxe2
27. Nxd6 b6 28. Rc1 Ne3 29. g3 Nxc2 30. Nf5 Nd4 31. Nxd4 cxd4 32. b4 d3 33. Rd1
d2 34. Kf1 Rxh2 35. Kg1 Re2 36. Kf1 Re1+ 37. Rxe1 dxe1=Q+ 38. Kxe1 Kf7 39. a4
Ke6 40. Kd2 Kd5 41. Kc3 b5 42. axb5 axb5 43. Kd3 g6 44. g4 h5 45. g5 Ke5 0-1

[Event "Torneo de Benidorm sub 2300 2019"]
[Site "Benidorm ESP"]
[Date "2019.12.04"]
[Round "6.16"]
[White "Ribera Veganzones, Josep Maria"]
[Black "Villar Reymundo, Juan Antonio"]
[Result "1-0"]
[WhiteElo "2008"]
[BlackElo "2216"]
[PlyCount "111"]
[EventDate "2019.11.29"]
[EventType "swiss"]
[EventRounds "10"]
[EventCountry "ESP"]
[SourceTitle "Ajedrez en Madrid"]
[Source "lmi"]
[SourceDate "2019.11.30"]
[SourceVersion "1"]
[SourceVersionDate "2019.12.08"]
[SourceQuality "1"]

1. e4 c5 2. Nf3 d6 3. Bb5+ Nd7 4. d4 cxd4 5. Qxd4 a6 6. Bxd7+ Bxd7 7. Nc3 e5 8.
Qd3 h6 9. Nd2 Rc8 10. Nc4 Qc7 11. Ne3 Nf6 12. O-O Be7 13. Rd1 Be6 14. a4 O-O
15. Qe2 Rfd8 16. Rd3 b6 17. h3 Qb7 18. Ned5 Nxd5 19. Nxd5 Bxd5 20. Rxd5 Rc5 21.
Be3 Rxd5 22. exd5 f5 23. c4 f4 24. Bd2 Qd7 25. Qd3 Rc8 26. a5 Rb8 27. axb6 Rxb6
28. b4 Qc8 29. Ra5 Rb8 30. c5 dxc5 31. d6 Bd8 32. Qd5+ Kh8 33. Rxc5 Qf5 34.
Qxe5 Qxe5 35. Rxe5 Bf6 36. Rc5 Kg8 37. Rc6 Ra8 38. Bxf4 Kf7 39. Kf1 Ke6 40. Ke2
a5 41. b5 Kd5 42. Ra6 Re8+ 43. Kd3 Kc5 44. Rxa5 Kb6 45. Bd2 Rd8 46. Kc4 Rc8+
47. Kb4 Bd4 48. Be3 Bxe3 49. fxe3 Rc1 50. Ra6+ Kb7 51. Ra3 Rd1 52. Kc5 Rd2 53.
g4 Rc2+ 54. Kd5 Kb6 55. Rd3 Rc8 56. d7 1-0

[Event "Torneo de Benidorm sub 2300 2019"]
[Site "Benidorm ESP"]
[Date "2019.12.04"]
[Round "6.18"]
[White "Pedchenko Zhilkov, Alexandr"]
[Black "Van Foreest, Machteld"]
[Result "1/2-1/2"]
[WhiteElo "1954"]
[BlackElo "2180"]
[PlyCount "112"]
[EventDate "2019.11.29"]
[EventType "swiss"]
[EventRounds "10"]
[EventCountry "ESP"]
[SourceTitle "Ajedrez en Madrid"]
[Source "lmi"]
[SourceDate "2019.11.30"]
[SourceVersion "1"]
[SourceVersionDate "2019.12.08"]
[SourceQuality "1"]

1. d4 Nf6 2. Nf3 e6 3. g3 b5 4. Bg2 Bb7 5. O-O c5 6. c3 Be7 7. dxc5 Bxc5 8. Nd4
Bxg2 9. Kxg2 Qb6 10. Nb3 Be7 11. Be3 Qb7+ 12. f3 d6 13. Bf2 O-O 14. e4 Nc6 15.
Qe2 Ne5 16. N1d2 Rac8 17. a4 b4 18. cxb4 Qxb4 19. Qb5 Rb8 20. Qxb4 Rxb4 21.
Bxa7 Ra8 22. Bd4 Nc6 23. Bc3 Rbxa4 24. Rxa4 Rxa4 25. Ra1 Rxa1 26. Nxa1 d5 27.
exd5 Nxd5 28. Nc2 e5 29. Nc4 f6 30. N2e3 Nxe3+ 31. Nxe3 Kf7 32. g4 Ke6 33. Kf2
Bc5 34. Ke2 g6 35. h3 Ne7 36. Bd2 Nc6 37. Nc2 Kd5 38. b4 Bb6 39. b5 Na7 40. Be3
Bxe3 41. Nxe3+ Kc5 42. b6 Kxb6 43. Nd5+ Kc5 44. Nxf6 h6 45. Ng8 h5 46. gxh5
gxh5 47. Nf6 h4 48. Ng4 Nc6 49. Ke3 Kd5 50. f4 exf4+ 51. Kxf4 Nd4 52. Ne3+ Ke6
53. Kg4 Ne2 54. Kxh4 Nf4 55. Kg4 Nxh3 56. Kxh3 Ke5 1/2-1/2

[Event "Torneo de Benidorm sub 2300 2019"]
[Site "Benidorm ESP"]
[Date "2019.12.04"]
[Round "6.19"]
[White "Kandic, Milan"]
[Black "Argandoña Salinas, Gorka"]
[Result "0-1"]
[WhiteElo "2142"]
[BlackElo "2070"]
[PlyCount "93"]
[EventDate "2019.11.29"]
[EventType "swiss"]
[EventRounds "10"]
[EventCountry "ESP"]
[SourceTitle "Ajedrez en Madrid"]
[Source "lmi"]
[SourceDate "2019.11.30"]
[SourceVersion "1"]
[SourceVersionDate "2019.12.08"]
[SourceQuality "1"]

1. e4 e6 2. d4 d5 3. Nc3 Nf6 4. Bg5 dxe4 5. Nxe4 Be7 6. Bxf6 gxf6 7. Nf3 a6 8.
Bd3 b5 9. Qe2 Bb7 10. O-O-O Bd5 11. Nc3 c6 12. Kb1 Nd7 13. Nxd5 cxd5 14. g4 Nb6
15. g5 f5 16. h4 Nc4 17. Ne5 Qc7 18. f4 Nxb2 19. Qd2 Nxd1 20. Rxd1 Rc8 21. h5
Qc3 22. Qxc3 Rxc3 23. Kb2 Rc7 24. Rg1 Bd6 25. Re1 Bxe5 26. Rxe5 O-O 27. h6 Rc6
28. Re1 f6 29. Rg1 fxg5 30. fxg5 Kf7 31. Be2 Kg6 32. Bd3 Re8 33. Rg2 e5 34.
dxe5 Rxe5 35. Rg1 Re3 36. Kb3 a5 37. Kb2 Rc5 38. Rg2 d4 39. Rg1 b4 40. Rg2 a4
41. Rg1 Rc3 42. Bb5 a3+ 43. Kc1 d3 44. Ba4 dxc2 45. Kd2 c1=Q+ 46. Rxc1 Rxc1 47.
Kxe3 0-1